000
00425nam a2200169Ia 4500
008
090711s9999 xx 000 0 und d
082
_b
42373
100
_a
संत वि. द.
245
_a
गुलमोहर
260
_c
1980
300
_a
102
600
_a
संत वि. द.
630
_a
गुलमोहर
700
_a
संत वि. द.
730
_a
गुलमोहर
942
_c
BOOK
999
_c
285888
_d
285888